| 000 | 01152nam a2200289Ia 4500 | ||
|---|---|---|---|
| 003 | OSt | ||
| 005 | 20221005102825.0 | ||
| 006 | a|||||r|||| 00| 0 | ||
| 007 | ta | ||
| 008 | 221004b |||||||| |||| 00| 0 hin d | ||
| 020 | _cIndian Rupees 30.00 | ||
| 024 | _a27888 | ||
| 037 |
_bGift, 04/10/2016, _cTextual |
||
| 040 |
_aCRL _cCRL _bhin |
||
| 041 |
_2hin _ahin |
||
| 082 | _aO152,1:gN, N3 | ||
| 100 | _aरघुवंश | ||
| 245 | 0 |
_aसमसामयिकता और आधुनिक हिंदी कविता _b स्वतंत्रता - प्राप्ति के बाद |
|
| 246 | _aSamasāmayikatā aur ādhunik hiandī kavitā: svatantratā - prāpti ke bāda | ||
| 250 | _aसंस्करण 2 | ||
| 260 |
_aआगरा _bकेंद्रीय हिंदी संस्थान भारत _c1993 |
||
| 300 |
_a107पृ0 _ccm. |
||
| 490 | _aप्रसार व्याख्यान माला; 1 | ||
| 650 | _aहिन्दी साहित्य | ||
| 942 |
_hO152,1:gN, N3 _cTEXL _2cc |
||
| 999 |
_c1009003 _d1009003 |
||